[Event "Match"]
[Site "www.echecsemail.com"]
[Date "2015.01.26"]
[Round "1"]
[White "Whitekknight"]
[Black "Spartacus42"]
[WhiteElo "1890"]
[BlackElo "1809"]
[Result "1/2-1/2"]
[Round "1"]
1.e4 c6
2.d4 d5
3.e5 Bc8f5
4.Bf1d3 Bf5xd3
5.Qd1xd3 e6
6.Nb1c3 Nb8d7
7.Ng1f3 c5
8.Bc1e3 c4
9.Qd3d2 Ng8e7
10.Qd2e2 a6
11.a4 Ne7f5
12.Be3f4 Bf8b4
13.Bf4d2 O-O
14.O-O Qd8b6
15.Rf1d1 Bb4xc3
16.Bd2xc3 Qb6c7
17.Bc3b4 Rf8e8
18.b3 b5
19.h3 a5
20.Bb4c3 b4
21.Bc3d2 Nd7b6
22.Bd2e3 Re8c8
23.Nf3d2 cxb3
24.cxb3 Nf5xe3
25.Qe2xe3 Qc7c3
26.Qe3e1 Qc3xd4
27.Nd2c4 Qd4c5
28.Nc4xb6 Qc5xb6
29.Ra1c1 Qb6b7
30.Qe1d2 Ra8a6
31.Rc1xc8 Qb7xc8
32.Qd2d3 Ra6c6
33.Qd3e3 Rc6c3
34.Qe3b6 Qc8c7
35.Qb6b5 g6
36.Rd1b1 Rc3c1
37.Rb1xc1 Qc7xc1
38.Kh2 Qc1f4
{ draw }
1/2-1/2

[Event "Match"]
[Site "www.echecsemail.com"]
[Date "2015.01.26"]
[Round "1"]
[White "Joseph1983"]
[Black "Krystek23"]
[WhiteElo "2180"]
[BlackElo "2260"]
[Result "1-0"]
[Round "1"]
1.Ng1f3 Ng8f6
2.c4 c5
3.Nb1c3 e6
4.d4 cxd4
5.Nf3xd4 Bf8c5
6.e4 Qd8b6
7.Nc3a4 Bc5b4
8.Bc1d2 Qb6xd4
9.Bd2xb4 Qd4xe4
10.Bf1e2 Nb8c6
11.Na4c3 Qe4g6
12.Bb4a3 a6
13.O-O Nf6g8
14.Qd1d6 Ng8e7
15.Be2f3 O-O
16.Bf3xc6 bxc6
17.Qd6xe7 Bc8b7
18.Qe7xd7 Rf8b8
19.Ra1d1 c5
20.f3 a5
21.Nc3a4 h6
22.Na4xc5 Bb7a6
23.Nc5xa6 Ra8xa6
24.Qd7c7 Ra6a8
25.Rd1d7 Rb8c8
26.Qc7f4 Rc8e8
27.Rf1d1 Qg6f5
28.Qf4xf5 exf5
29.Rd7e7 Re8xe7
30.Ba3xe7 Ra8b8
31.Rd1d8 Rb8xd8
32.Be7xd8 a4
33.c5 Kf8
34.c6 Ke8
35.c7 Kd7
36.Kf2 g5
37.Ke3 f4
38.Ke4 Kc8
39.Ke5 Kd7
40.Kf6 Kc8
41.Kxf7 { resign }
1-0

[Event "Match"]
[Site "www.echecsemail.com"]
[Date "2015.01.26"]
[Round "1"]
[White "Generalfree"]
[Black "Nestor"]
[WhiteElo "1850"]
[BlackElo "2030"]
[Result "0-1"]
[Round "1"]
1.e4 d5
2.c3 e5
3.g4 Nb8c6
4.f3 Bf8c5
5.b4 Qd8h4
6.Ke2 Qh4f2
7.Kd3 dxe4
8.fxe4 Bc8xg4
9.Qd1xg4 Qf2xf1
10.Kc2 Bc5xb4
11.Qg4xg7 O-O-O
12.cxb4 Nc6xb4
13.Kb3 Qf1xc1
14.Qg7xe5 a5
15.Nb1a3 Rd8d3
16.Ka4 Rd3xa3
{ resign }
0-1

[Event "Match"]
[Site "www.echecsemail.com"]
[Date "2015.01.26"]
[Round "1"]
[White "Generalfree"]
[Black "Attatroll"]
[WhiteElo "1840"]
[BlackElo "2000"]
[Result "1-0"]
[Round "1"]
1.e4 e5
2.Ng1f3 Nb8c6
3.Bf1c4 Ng8f6
4.Nf3g5 Bf8c5
5.Bc4xf7 Ke7
6.d3 Rh8f8
7.Bf7b3 d5
8.exd5 Nf6xd5
9.Bb3xd5 Bc5xf2
10.Ke2 Nc6d4
11.Kd2 Nd4f5
12.Ng5xh7 Bf2e3
13.Ke1 Rf8h8
14.Bc1xe3 Nf5xe3
15.Qd1e2 Ne3xd5
16.Qe2xe5 Bc8e6
17.Qe5xg7 Be6f7
18.Qg7e5 Bf7e6
19.Nh7g5 Qd8d6
20.Qe5g7 { resign }
1-0

[Event "Match"]
[Site "www.echecsemail.com"]
[Date "2015.01.26"]
[Round "1"]
[White "Supernovae"]
[Black "Hrob71"]
[WhiteElo "1850"]
[BlackElo "1499"]
[Result "0-1"]
[Round "1"]
1.e4 e5
2.Ng1f3 Ng8f6
3.Nf3xe5 d6
4.Ne5f3 Nf6xe4
5.Bf1c4 d5
6.Bc4b3 Nb8c6
7.d4 Bf8e7
8.Bc1f4 O-O
9.O-O Bc8g4
10.h3 Bg4h5
11.Nb1d2 Kh8
12.Rf1e1 Ne4xd2
13.Bf4xd2 Nc6xd4
14.c3 Nd4xf3
15.gxf3 Qd8d7
16.Kh2 Be7d6
17.Kg1 Qd7xh3
{ resign }
0-1

[Event "Eq:Angels of Checkmate-Clubul Central de Sah : "]
[Site "www.chess-mail.com"]
[Date "2015.01.26"]
[Round "1"]
[White "Neverless"]
[Black "Rocadamica"]
[WhiteElo "2630"]
[BlackElo "2790"]
[Result "0-1"]
[Round "1"]
1.e4 c5
2.Ng1f3 d6
3.d4 cxd4
4.Nf3xd4 Ng8f6
5.Nb1c3 a6
6.Bc1g5 e6
7.f4 Qd8b6
8.Qd1d2 Qb6xb2
9.Ra1b1 Qb2a3
10.f5 Nb8c6
11.fxe6 fxe6
12.Nd4xc6 bxc6
13.e5 dxe5
14.Bg5xf6 gxf6
15.Nc3e4 Bf8e7
16.Bf1e2 h5
17.Rb1b3 Qa3a4
18.Ne4xf6 Be7xf6
19.c4 Bf6h4
20.g3 Bh4e7
21.O-O h4
22.Be2d3 Rh8g8
23.Qd2f2 Kd7
24.Rf1d1 Qa4a5
25.Bd3h7 Kc7
26.Bh7xg8 Be7c5
27.Rb3e3 Bc8d7
28.Kg2 Ra8f8
29.Qf2e2 Rf8xg8
30.Re3xe5 Qa5b6
31.Qe2d2 Rg8g7
32.Qd2f4 Kc8
33.Re5h5 Qb6b2
34.Rd1d2 h3
35.Rh5xh3 e5
36.Rh3h8 Kc7
37.Rd2xb2 exf4
38.Rh8h4 fxg3
39.hxg3 Bc5e7
40.Rh4h6 Be7c5
41.Rh6h4 Bd7f5
42.Rb2e2 Bf5d3
43.Re2d2 Bc5e7
44.Rh4d4 Bd3f5
45.Rd2d1 Be7g5
46.c5 Bf5e6
47.Rd4a4 Be6d5
48.Kf2 Rg7f7
49.Ke1 Rf7e7
50.Kf1 Bg5e3
51.Rd1e1 Be3xc5
52.Re1c1 Bc5e3
53.Rc1c3 Kb6
54.Rc3a3 Kc5
55.Ra4a5 Kd4
56.Ra5a4 Bd5c4
57.Kg2 c5
58.Ra3b3 Re7e8
59.Kf3 Re8f8
60.Kg2 Rf8f2
61.Kh3 Be3d2
62.Rb3b7 Kc3
63.Ra4a3 Kc2
64.Rb7e7 Kb2
65.Ra3a4 Bc4f1
66.Kh4 Rf2h2
67.Kg4 Bf1b5
68.Ra4e4 Kxa2
69.Re7c7 Rh2e2
70.Re4xe2 Bb5xe2
71.Kh4 c4
{ resign }
0-1

[Event "Eq:Good team-Slap Shot Mates : "]
[Site "www.chess-mail.com"]
[Date "2015.01.26"]
[Round "1"]
[White "Manolinex"]
[Black "Sebolix"]
[WhiteElo "2710"]
[BlackElo "2670"]
[Result "1/2-1/2"]
[Round "1"]
1.e4 e6
2.d4 d5
3.Nb1d2 c5
4.Ng1f3 cxd4
5.exd5 Qd8xd5
6.Bf1c4 Qd5d6
7.O-O Ng8f6
8.Nd2b3 Nb8c6
9.Nb3xd4 Nc6xd4
10.Nf3xd4 a6
11.Bc4b3 Qd6c7
12.Rf1e1 Bf8d6
13.Nd4f5 Bd6xh2
14.Kh1 O-O
15.Nf5xg7 Rf8d8
16.Qd1f3 Kxg7
17.Bc1h6 Kg6
18.c3 Nf6h5
19.Bh6c1 Bh2f4
20.g4 Nh5g3
21.fxg3 Bf4xc1
22.Ra1xc1 b6
23.Bb3c2 Kg7
24.Bc2e4 Ra8a7
25.Rc1c2 Bc8b7
26.Kh2 Qc7e7
27.Rc2f2 Bb7xe4
28.Re1xe4 Qe7g5
29.Re4f4 Rd8d7
30.Qf3e3 Qg5c5
31.Qe3e1 Kg8
{ draw }
1/2-1/2

[Event "Eq:CONFOEDERATIONIS HELVETICAE-Los Tercios : "]
[Site "www.chess-mail.com"]
[Date "2015.01.26"]
[Round "1"]
[White "Thurgau"]
[Black "Desiderio"]
[WhiteElo "2700"]
[BlackElo "2020"]
[Result "1-0"]
[Round "1"]
1.e4 d5
2.exd5 Qd8xd5
3.Nb1c3 Qd5a5
4.d4 c6
5.Ng1f3 Bc8f5
6.Bf1c4 e6
7.O-O Ng8f6
8.Nf3h4 Bf5g6
9.f4 Nb8d7
10.f5 exf5
11.Rf1e1 Bf8e7
12.Bc1f4 Qa5d8
13.Bf4d6 Nf6e4
14.Nc3xe4 fxe4
15.Nh4xg6 hxg6
16.Re1xe4 Qd8c8
17.Re4xe7 Kd8
18.Qd1e2 { resign }
1-0

[Event "Eq:CONFOEDERATIONIS HELVETICAE-Los Tercios : "]
[Site "www.chess-mail.com"]
[Date "2015.01.26"]
[Round "1"]
[White "Desiderio"]
[Black "Thurgau"]
[WhiteElo "2020"]
[BlackElo "2700"]
[Result "0-1"]
[Round "1"]
1.d4 Ng8f6
2.Ng1f3 d5
3.Bc1g5 Nf6e4
4.Bg5h4 c5
5.e3 Qd8b6
6.Qd1c1 cxd4
7.Nf3xd4 e5
8.Nd4b3 Qb6h6
9.Bh4g3 Nb8c6
10.Nb1d2 Ne4xg3
11.fxg3 Qh6xe3
12.Bf1e2 a5
13.Nd2f3 Qe3b6
14.Qc1g5 a4
15.Nb3d2 h6
16.Qg5h4 Bf8e7
17.Qh4h5 g6
{ resign }
0-1

[Event "Fast Game"]
[Site "www.echecsemail.com"]
[Date "2015.01.26"]
[Round "1"]
[White "Powerchess"]
[Black "Kjvh2004"]
[WhiteElo "1409"]
[BlackElo "1599"]
[Result "1-0"]
[Round "1"]
1.e4 d5
2.exd5 Qd8xd5
3.d4 a5
4.Nb1c3 Qd5e6
5.Bf1e2 Qe6d6
6.Ng1f3 e6
7.O-O Qd6b4
8.a3 Qb4b6
9.b3 Bf8d6
10.Bc1b2 Bd6f4
11.Nc3e4 Ng8h6
12.Nf3e5  { time }
1-0

[Event "Fast Game"]
[Site "www.echecsemail.com"]
[Date "2015.01.26"]
[Round "1"]
[White "Forest"]
[Black "Kjvh2004"]
[WhiteElo "1490"]
[BlackElo "1599"]
[Result "1-0"]
[Round "1"]
1.c4 f5
2.Ng1f3 Ng8f6
3.d4 Nf6e4
4.Nb1c3 Ne4xc3
5.bxc3 d5
6.cxd5 Qd8xd5
7.g3 Qd5a5
8.Bc1d2 h5
9.Bf1g2  { time }
1-0

[Event "Fast Game"]
[Site "www.echecsemail.com"]
[Date "2015.01.26"]
[Round "1"]
[White "Korto"]
[Black "Gambitplayer"]
[WhiteElo "2049"]
[BlackElo "1859"]
[Result "1-0"]
[Round "1"]
1.Ng1f3 d5
2.c4 c6
3.cxd5 cxd5
4.g3 Ng8f6
5.Bf1g2 Nb8c6
6.d4 e6
7.Nb1c3 Bf8d6
8.Bc1g5 h6
9.Bg5xf6 Qd8xf6
10.O-O { time. }
1-0

[Event "Fast Game"]
[Site "www.echecsemail.com"]
[Date "2015.01.26"]
[Round "1"]
[White "Attatroll"]
[Black "Stevep84"]
[WhiteElo "1840"]
[BlackElo "2020"]
[Result "0-1"]
[Round "1"]
1.e4 c6
2.Ng1f3 d5
3.exd5 cxd5
4.Nf3e5 Nb8c6
5.Bf1b5 Bc8d7
6.d4 Nc6xe5
7.dxe5 Bd7xb5
8.Nb1c3 Bb5c6
9.O-O e6
10.Bc1f4 Bf8c5
11.a3 d4
12.Nc3e2 Qd8d5
13.f3 d3
14.Kh1 dxe2
15.Qd1xe2 Bc5b6
16.Ra1d1 Qd5c5
17.Rf1e1 Ng8e7
18.Qe2d3 O-O
19.Qd3e2 Ne7d5
{ resign }
0-1

[Event "Tourn. n7959"]
[Site "www.chess-mail.com"]
[Date "2015.01.27"]
[Round "1"]
[White "Osopanda"]
[Black "Louis"]
[WhiteElo "2000"]
[BlackElo "1910"]
[Result "1-0"]
[Round "1"]
1.c4 c5
2.Ng1f3 Ng8f6
3.d4 cxd4
4.Nf3xd4 Nb8c6
5.Nb1c3 e6
6.e4 Bf8b4
7.f3 O-O
8.Bc1e3 d5
9.cxd5 exd5
10.Nd4xc6 bxc6
11.e5 Qd8e7
12.Ra1c1 Qe7xe5
13.Kf2 Rf8e8
14.Be3d4 Qe5d6
15.Bf1d3 Nf6g4
16.fxg4 Qd6f4
17.Qd1f3 Qf4xd4
18.Kf1 Re8e3
19.Bd3xh7 Kxh7
20.Qf3xf7 { resign }
1-0

[Event "Tourn. n7932"]
[Site "www.chess-mail.com"]
[Date "2015.01.27"]
[Round "1"]
[White "Mfwolf"]
[Black "Anja"]
[WhiteElo "1970"]
[BlackElo "1960"]
[Result "1-0"]
[Round "1"]
1.d4 f5
2.c4 e6
3.g3 Ng8f6
4.Bf1g2 Bf8b4
5.Bc1d2 Bb4xd2
6.Nb1xd2 Nb8c6
7.Ng1f3 O-O
8.O-O d6
9.a3 Nf6e4
10.Qd1c2 Ne4xd2
11.Qc2xd2 e5
12.b4 Qd8f6
13.d5 Nc6e7
14.Ra1c1 Bc8d7
15.c5 Ra8c8
16.e4 fxe4
17.Nf3g5 Ne7f5
18.Ng5xe4 Qf6g6
19.c6 bxc6
20.dxc6 Bd7e6
21.Ne4g5 Nf5d4
22.f4 Be6g4
23.Rc1e1 h6
24.fxe5 hxg5
25.Qd2xd4 { resign }
1-0

[Event "Tourn. n7967"]
[Site "www.chess-mail.com"]
[Date "2015.01.27"]
[Round "1"]
[White "Amaya"]
[Black "Anja"]
[WhiteElo "1890"]
[BlackElo "1980"]
[Result "1-0"]
[Round "1"]
1.d4 f5
2.e3 Ng8f6
3.Bf1d3 e6
4.Nb1d2 Bf8e7
5.f4 O-O
6.Ng1f3 b6
7.O-O Bc8b7
8.c3 d6
9.Qd1e1 Qd8e8
10.Qe1g3 h6
11.a3 Nb8d7
12.b4 Nf6d5
13.Rf1e1 Nd5xc3
14.Nf3h4 Be7xh4
15.Qg3xh4 Nd7f6
16.Nd2f3 Bb7e4
17.Bd3xe4 fxe4
18.Nf3d2 Nc3d5
19.Nd2f1 Qe8g6
20.Nf1g3 Nd5e7
21.Qh4h3 Ne7f5
22.Ng3xf5 exf5
23.Bc1b2 d5
24.b5 a6
25.a4 axb5
26.axb5 Rf8c8
27.Re1c1 c5
28.dxc5 bxc5
29.Bb2e5 Qg6g4
30.Be5xf6 Qg4xh3
31.gxh3 gxf6
32.Ra1xa8 Rc8xa8
33.Rc1xc5 Ra8d8
34.b6 d4
35.exd4 Rd8xd4
36.b7 { resign }
1-0

[Event "Tourn. n7973"]
[Site "www.chess-mail.com"]
[Date "2015.01.27"]
[Round "1"]
[White "Anja"]
[Black "Julian"]
[WhiteElo "1990"]
[BlackElo "1940"]
[Result "0-1"]
[Round "1"]
1.d4 d5
2.Bc1f4 c5
3.c3 Ng8f6
4.Ng1f3 Nb8c6
5.Nb1d2 Nf6h5
6.Bf4g3 Nh5xg3
7.hxg3 Bc8f5
8.Nf3h4 Bf5e6
9.dxc5 g6
10.e4 dxe4
11.Nd2xe4 Qd8xd1
12.Ra1xd1 Be6xa2
13.c4 Bf8g7
14.Rd1a1 Ba2b3
15.Bf1d3 Nc6e5
16.Bd3e2 Bb3xc4
17.Ra1c1 Bc4xe2
18.Kxe2 O-O-O
19.Rh1d1 Rd8xd1
20.Rc1xd1 Rh8d8
21.Rd1xd8 Kxd8
22.Nh4f3 Ne5xf3
23.gxf3 Bg7xb2
{ resign }
0-1

[Event "Tourn. n7969"]
[Site "www.chess-mail.com"]
[Date "2015.01.27"]
[Round "1"]
[White "Averoes"]
[Black "Osopanda"]
[WhiteElo "2210"]
[BlackElo "2020"]
[Result "1-0"]
[Round "1"]
1.d4 d5
2.c4 e6
3.Ng1f3 Ng8f6
4.g3 c6
5.Bf1g2 Bf8b4
6.Bc1d2 Bb4e7
7.O-O O-O
8.Qd1c2 Nb8d7
9.Nb1c3 dxc4
10.a4 a6
11.a5 b5
12.axb6 Nd7xb6
13.e4 c5
14.dxc5 Be7xc5
15.Ra1d1 Qd8e7
16.Bd2g5 h6
17.Bg5xf6 Qe7xf6
18.e5 Qf6g6
19.Qc2xg6 fxg6
20.Nf3h4 Ra8a7
21.Nh4xg6 Rf8e8
22.h4 Bc8b7
23.Nc3e4 Bc5b4
24.Ne4d6 Bb4xd6
25.Rd1xd6 Nb6d5
26.Rf1c1 Kf7
27.h5 Re8c8
28.Rd6d7 Kg8
29.Bg2h3 Rc8e8
30.Rc1xc4 Nd5b6
31.Rc4c7 Nb6xd7
32.Rc7xd7 Re8c8
33.Bh3xe6 Kh7
34.f4 Rc8c1
35.Kf2 Rc1c2
36.Ke1 Rc2xb2
37.Rd7d8 Rb2b1
38.Kd2 Rb1b2
39.Kc3 Ra7a8
40.Be6g8 { resign }
1-0

[Event "Tourn. n7968"]
[Site "www.chess-mail.com"]
[Date "2015.01.27"]
[Round "1"]
[White "Falcoale"]
[Black "Louis"]
[WhiteElo "1890"]
[BlackElo "1880"]
[Result "0-1"]
[Round "1"]
1.e4 d6
2.d4 g6
3.Nb1c3 Bf8g7
4.Ng1f3 c6
5.Bc1e3 Nb8d7
6.Qd1d2 b5
7.Ra1b1 Ng8f6
8.g3 b4
9.Nc3e2 Nf6xe4
10.Qd2xb4 O-O
11.Bf1g2 Bc8a6
12.Nf3d2 Ra8b8
13.Qb4a3 Ne4xd2
14.Kxd2 Qd8b6
15.Ne2c3 Bg7xd4
16.Rh1e1 Nd7e5
17.Bg2e4 Ne5c4
{ resign }
0-1

[Event "Tourn. n7783"]
[Site "www.chess-mail.com"]
[Date "2015.01.27"]
[Round "1"]
[White "Castletyme"]
[Black "Naujzaid"]
[WhiteElo "1900"]
[BlackElo "1830"]
[Result "0-1"]
[Round "1"]
1.e4 c5
2.Ng1f3 d6
3.d3 Ng8f6
4.Nb1c3 e6
5.Bf1e2 Bf8e7
6.O-O O-O
7.Bc1g5 Nb8c6
8.Bg5xf6 Be7xf6
9.Ra1b1 a6
10.a3 b5
11.Nc3a2 Bc8b7
12.Rf1e1 Qd8c7
13.c3 d5
14.exd5 exd5
15.a4 Rf8e8
16.axb5 axb5
17.Rb1a1 b4
18.cxb4 Bf6xb2
19.Ra1b1 Ra8xa2
20.bxc5 Bb2c3
21.Kf1 Bc3xe1
22.Kxe1 Re8xe2
{ resign }
0-1

[Event "Tourn. n7732"]
[Site "www.chess-mail.com"]
[Date "2015.01.27"]
[Round "1"]
[White "Krystek23"]
[Black "Manolinex"]
[WhiteElo "2410"]
[BlackElo "2690"]
[Result "0-1"]
[Round "1"]
1.Ng1f3 c5
2.c4 Ng8f6
3.Nb1c3 Nb8c6
4.e3 e6
5.a3 d5
6.d4 a6
7.dxc5 Bf8xc5
8.b4 Bc5a7
9.c5 e5
10.Bc1b2 O-O
11.Nc3e2 Rf8e8
12.Ne2g3 b6
13.b5 axb5
14.Bf1xb5 Qd8c7
15.Bb5xc6 Qc7xc6
16.Nf3xe5 Qc6b5
17.Ne5d3 Qb5a5
18.Qd1d2 Qa5xd2
19.Kxd2 bxc5
20.Bb2xf6 gxf6
21.Ng3h5 Re8d8
22.Nh5xf6 Kg7
23.Nf6h5 Kf8
24.a4 Ba7b6
25.Rh1c1 Bb6a5
26.Ke2 Bc8g4
27.f3 Bg4xh5
28.Rc1xc5 f6
29.Ra1b1 Rd8d6
30.Rb1b5 Ba5b6
31.Rc5xd5 Rd6xd5
32.Rb5xd5 Bh5e8
33.Rd5d6 Bb6d8
34.Nd3f4 Ke7
35.Rd6e6 Kf7
36.Re6e4 Be8xa4
37.Re4b4 Ba4c6
38.Nf4d3 Ra8a2
39.Kf1 Bd8a5
40.Rb4b2 Ra2a3
41.Ke2 Ba5c3
42.Rb2b8 Bc6d5
43.Rb8c8 Bc3a5
44.Rc8c2 Bd5b3
45.Rc2c8 Ra3a2
46.Kf1 Bb3e6
47.Rc8c1 Ba5d2
48.Rc1c7 Ke8
49.e4 h6
50.h3 Bd2e3
51.Rc7c3 Be3d2
52.Rc3c7 Kd8
53.Rc7c5 Be6c8
54.Rc5d5 Ke7
55.Kf2 Bd2f4
56.Ke1 Bf4g3
57.Kf1 Bc8a6
{ resign }
0-1

[Event "Tourn. n7829"]
[Site "www.chess-mail.com"]
[Date "2015.01.27"]
[Round "1"]
[White "Anja"]
[Black "Muller42"]
[WhiteElo "1760"]
[BlackElo "1649"]
[Result "0-1"]
[Round "1"]
1.e4 c6
2.d4 d5
3.exd5 cxd5
4.c4 e6
5.Nb1c3 Ng8f6
6.Ng1f3 Nb8c6
7.Bc1g5 Bf8e7
8.Bf1d3 O-O
9.O-O dxc4
10.Bd3xc4 a6
11.a3 b5
12.Bc4a2 Bc8b7
13.Ra1c1 Ra8c8
14.Rf1e1 b4
15.axb4 Nc6xb4
16.Ba2b1 Nb4d5
17.Nc3e4 Qd8b6
18.Qd1d2 Be7b4
19.Ne4c3 Nd5xc3
20.bxc3 Bb4a3
21.Rc1c2 Bb7xf3
22.Bg5xf6 gxf6
23.gxf3 Kh8
24.Rc2b2 Qb6xb2
25.Qd2h6 Rf8g8
26.Kh1 f5
{ resign }
0-1

[Event "Tourn. n7937"]
[Site "www.chess-mail.com"]
[Date "2015.01.27"]
[Round "1"]
[White "Cl3537"]
[Black "Anol"]
[WhiteElo "1350"]
[BlackElo "1290"]
[Result "1-0"]
[Round "1"]
1.e4 e5
2.Ng1f3 Nb8c6
3.Nb1c3 b6
4.d4 f6
5.dxe5 fxe5
6.Bf1d3 Bc8b7
7.O-O d6
8.Bc1e3 Qd8e7
9.h3 O-O-O
10.g4 g5
11.a3 Ng8f6
12.b4 h6
13.Bd3c4  { time }
1-0

[Event "Tourn. n7992"]
[Site "www.chess-mail.com"]
[Date "2015.01.27"]
[Round "1"]
[White "Wegaman"]
[Black "Difficult"]
[WhiteElo "1940"]
[BlackElo "1900"]
[Result "1/2-1/2"]
[Round "1"]
1.d4 Ng8f6
2.c4 d6
3.Nb1c3 g6
4.Bc1g5 Bf8g7
5.Ng1f3 O-O
6.e3 Nb8d7
7.Bf1e2 c5
8.d5 h6
9.Bg5f4 a6
10.O-O Nf6h5
11.Bf4g3 Nh5xg3
12.fxg3 Nd7e5
13.Ra1c1 Ne5g4
14.Qd1d2 Ra8b8
15.a3 Qd8a5
16.Nf3h4 Ng4e5
17.Nh4f3 { draw }
1/2-1/2

[Event "Tourn. n7795"]
[Site "www.chess-mail.com"]
[Date "2015.01.27"]
[Round "1"]
[White "Naujzaid"]
[Black "Canario"]
[WhiteElo "1840"]
[BlackElo "1760"]
[Result "1-0"]
[Round "1"]
1.d4 d5
2.c4 dxc4
3.Ng1f3 Ng8f6
4.e3 Bc8g4
5.Bf1xc4 e6
6.O-O a6
7.a4 Nb8c6
8.Nb1c3 Bf8d6
9.e4 Bg4xf3
10.gxf3 Bd6b4
11.Bc1e3 O-O
12.Kh1 e5
13.d5 Bb4xc3
14.bxc3 Nc6a5
15.Bc4a2 Qd8d6
16.c4 Qd6b4
17.Rf1g1 g6
18.c5 Ra8d8
19.Be3g5 Kg7
20.Qd1c1 Rd8d7
21.Bg5xf6 Kxf6
22.Qc1h6 Rf8h8
23.Qh6g5 Kg7
24.Qg5xe5 Kg8
25.Qe5e8 Kg7
26.Qe8xd7 Qb4xc5
27.d6 cxd6
28.Qd7xf7 Kh6
29.Qf7f4 Kg7
30.Ra1c1 Qc5b6
31.Qf4f7 Kh6
32.Rg1g3 Qb6xf2
33.Rg3h3 Kg5
34.Rc1g1 Qf2xg1
35.Kxg1 Rh8c8
36.f4 Kg4
37.Ba2e6 { resign }
1-0

[Event "Tourn. n8026"]
[Site "www.chess-mail.com"]
[Date "2015.01.27"]
[Round "1"]
[White "Tenzinnima"]
[Black "Difficult"]
[WhiteElo "2270"]
[BlackElo "2020"]
[Result "1/2-1/2"]
[Round "1"]
1.e4 c6
2.d4 d5
3.Nb1c3 dxe4
4.Nc3xe4 Bc8f5
5.Ne4g3 Bf5g6
6.h4 h6
7.Ng1f3 Nb8d7
8.h5 Bg6h7
9.Bf1d3 Bh7xd3
10.Qd1xd3 e6
11.Bc1d2 Ng8f6
12.O-O-O Qd8c7
13.Ng3e4 O-O-O
14.g3 Nf6xe4
15.Qd3xe4 Nd7f6
16.Qe4e2 Bf8d6
17.c4 c5
18.Bd2c3 Kb8
19.dxc5 Bd6xc5
20.Nf3e5 Qc7e7
21.Rd1xd8 Rh8xd8
22.Rh1h4 Ka8
23.Ne5g4 Bc5d4
24.Ng4xf6 Bd4xf6
25.Bc3xf6 Qe7xf6
26.Rh4g4 Rd8d4
27.Rg4xd4 Qf6xd4
28.g4 a6
{ draw }
1/2-1/2

[Event "Tourn. n8040"]
[Site "www.chess-mail.com"]
[Date "2015.01.27"]
[Round "1"]
[White "Difficult"]
[Black "Krasin"]
[WhiteElo "2020"]
[BlackElo "2270"]
[Result "0-1"]
[Round "1"]
1.d4 f5
2.e4 fxe4
3.Nb1c3 Ng8f6
4.Bc1g5 Nb8c6
5.d5 Nc6e5
6.Qd1d4 Ne5f7
7.h4 c6
8.Bg5xf6 exf6
9.Qd4xe4 Qd8e7
10.Qe4xe7 Bf8xe7
11.O-O-O O-O
12.Ng1f3 Be7b4
13.Nc3e4 Rf8e8
14.dxc6 dxc6
15.Ne4d2 Bc8g4
16.c3 Bb4c5
17.Bf1c4 Kf8
18.Rh1f1 Nf7e5
19.Nf3xe5 Re8xe5
20.f3 Bg4f5
21.Rd1e1 Ra8e8
22.Re1xe5 Re8xe5
23.Kd1 b5
24.Bc4e2 Bc5e3
25.g4 Re5d5
{ resign }
0-1

[Event "Tourn. n7949"]
[Site "www.chess-mail.com"]
[Date "2015.01.27"]
[Round "1"]
[White "Neverless"]
[Black "Pgcbies"]
[WhiteElo "2650"]
[BlackElo "2800"]
[Result "1-0"]
[Round "1"]
1.e4 e5
2.Ng1f3 Nb8c6
3.Bf1b5 a6
4.Bb5a4 Ng8f6
5.O-O b5
6.Ba4b3 Bf8e7
7.Rf1e1 O-O
8.c3 d5
9.exd5 Nf6xd5
10.Nf3xe5 Nc6xe5
11.Re1xe5 Nd5f6
12.d4 Be7d6
13.Re5e1 Nf6g4
14.h3 Qd8h4
15.Qd1f3 Ng4xf2
16.Re1e2 Bc8xh3
17.gxh3 Nf2xh3
18.Kg2 Nh3g5
19.Bc1xg5 Qh4xg5
20.Kf2 Qg5h4
21.Kf1 c5
22.Nb1d2 Ra8d8
23.Nd2e4 cxd4
24.Ra1d1 Bd6e5
25.cxd4 Be5xd4
26.Re2d2 Bd4b6
27.Rd2d6 Bb6c7
28.Rd6d7 Rd8xd7
29.Rd1xd7 Qh4f4
30.Qf3xf4 Bc7xf4
31.Ne4d6 Bf4e5
32.Nd6xf7 Be5xb2
33.Kg2 a5
34.Rd7b7 a4
35.Bb3d5 Bb2c1
36.Nf7g5 Kh8
37.Ng5e6 { resign }
1-0

[Event "Tourn. n7958"]
[Site "www.chess-mail.com"]
[Date "2015.01.27"]
[Round "1"]
[White "Bevittsmith"]
[Black "Krasin"]
[WhiteElo "2260"]
[BlackElo "2240"]
[Result "1/2-1/2"]
[Round "1"]
1.e4 e6
2.d4 d5
3.e5 c5
4.c3 Nb8c6
5.Ng1f3 Bc8d7
6.Bf1e2 f6
7.O-O Qd8c7
8.Nb1a3 fxe5
9.Nf3xe5 Nc6xe5
10.dxe5 O-O-O
11.f4 Ng8h6
12.Bc1e3 Nh6f5
13.Be3f2 Bf8e7
14.Na3c2 Bd7c6
15.b4 d4
16.cxd4 cxd4
17.Be2d3 Nf5e3
18.Bf2xe3 dxe3
19.Qd1e2 Qc7b6
20.Rf1b1 Rd8xd3
21.Qe2xd3 Rh8d8
22.Qd3xe3 Rd8d2
23.Qe3xb6 Rd2xg2
24.Kf1 axb6
25.Nc2e3 Rg2xh2
26.b5 Bc6e4
27.Rb1e1 Be7h4
28.Re1d1 Rh2f2
29.Kg1 Rf2xf4
30.Ra1c1 Kb8
31.Rd1f1 g5
32.Rf1xf4 gxf4
33.Rc1c4 Be4d3
34.Rc4xf4 Bh4g3
35.Rf4f6 Bg3xe5
36.Rf6xe6 Be5d4
37.Kf2 Bd3xb5
38.Kf3 Bb5c6
39.Ke2 Bc6b5
40.Kd2 Ka7
41.Re6h6 Bd4xe3
42.Kxe3 Bb5c4
43.Rh6xh7 { draw }
1/2-1/2

[Event "Tourn. n7863"]
[Site "www.chess-mail.com"]
[Date "2015.01.27"]
[Round "1"]
[White "Johnmcbride"]
[Black "Vasylpuzanov"]
[WhiteElo "1800"]
[BlackElo "1820"]
[Result "1-0"]
[Round "1"]
1.e4 e5
2.Ng1f3 Nb8c6
3.d3 Bf8c5
4.c3 d6
5.b4 Bc5b6
6.a4 a6
7.a5 Bb6a7
8.Bf1e2 Ng8f6
9.O-O O-O
10.h3 d5
11.exd5 Nf6xd5
12.Bc1d2 Qd8f6
13.Nb1a3 e4
14.dxe4 Nd5xc3
15.Bd2xc3 Qf6xc3
16.Na3c2 Rf8e8
17.Be2d3 Bc8e6
18.Ra1a3 Be6b3
19.Qd1e2 Ra8d8
20.Rf1d1 Rd8xd3
21.Rd1xd3 Qc3xc2
22.Nf3d2 Qc2c1
23.Kh2 Qc1xa3
24.Rd3xb3 Qa3a2
25.Rb3d3 Nc6xb4
26.Rd3d7 c5
{ time. }
1-0

[Event "Tourn. n7996"]
[Site "www.chess-mail.com"]
[Date "2015.01.27"]
[Round "1"]
[White "Badplayer"]
[Black "Osopanda"]
[WhiteElo "2190"]
[BlackElo "2020"]
[Result "1-0"]
[Round "1"]
1.e4 c5
2.Ng1f3 d6
3.d4 cxd4
4.Nf3xd4 Ng8f6
5.Nb1c3 a6
6.Bf1e2 e5
7.Nd4b3 Bc8e6
8.O-O Nb8d7
9.Bc1e3 b5
10.a3 Ra8c8
11.Ra1c1 Nd7b6
12.f3 Rc8xc3
13.bxc3 d5
14.Nb3c5 d4
15.Nc5xe6 fxe6
16.cxd4 exd4
17.Qd1xd4 Qd8xd4
18.Be3xd4 Nb6c4
19.a4 Bf8b4
20.c3 Bb4a3
21.Rc1a1 Ba3b2
22.Ra1a2 Kd7
23.Be2xc4 bxc4
24.Ra2xb2 Rh8c8
25.Rf1b1 Rc8c7
26.Bd4xf6 gxf6
27.Rb2b7 Kc6
28.Rb1b6 Kd7
29.Rb7xc7 Kxc7
30.Rb6xa6 { resign }
1-0

[Event "Tourn. n7888"]
[Site "www.chess-mail.com"]
[Date "2015.01.27"]
[Round "1"]
[White "Neo"]
[Black "Susov"]
[WhiteElo "1760"]
[BlackElo "1780"]
[Result "0-1"]
[Round "1"]
1.g3 Nb8c6
2.Bf1g2 Ng8f6
3.e3 d5
4.d4 Bc8f5
5.b3 e5
6.dxe5 Nc6xe5
7.Bc1b2 Ne5c6
8.Ng1f3 Bf5e4
9.Nb1d2 Bf8b4
10.O-O O-O
11.Nd2xe4 Nf6xe4
12.Nf3d4 Ne4c3
13.Bb2xc3 Bb4xc3
14.Ra1b1 Bc3xd4
15.exd4 Qd8f6
16.c3 Ra8d8
17.Qd1d3 Rf8e8
18.b4 Nc6e7
19.a4 Ne7f5
20.a5 c6
21.Rf1e1 a6
22.Bg2h3 Nf5d6
23.Re1xe8 Rd8xe8
24.Bh3d7 Re8e7
25.Bd7h3 Nd6e4
26.Rb1b2 Qf6h6
27.Bh3f5 Qh6c1
28.Kg2 Qc1xb2
29.Bf5xe4 Re7xe4
30.Qd3f3 Qb2e2
31.Qf3f5 h6
32.Qf5c8 Kh7
33.Qc8xb7 Re4e6
34.Qb7xf7 Re6f6
35.Qf7d7 Qe2xf2
36.Kh3 Qf2f5
37.Qd7xf5 Rf6xf5
38.Kg4 Rf5f2
39.h4 Rf2c2
40.Kf5 Rc2xc3
41.g4 Rc3c4
42.Ke5 Rc4xb4
43.h5 Rb4a4
44.Kd6 Ra4c4
45.Kc7 g6
46.hxg6 Kxg6
47.Kb6 Rc4xd4
48.Kxa6 Rd4a4
49.Kb6 d4
50.a6 d3
51.a7 d2
52.Kb7 d1Q
53.a8Q Ra4xa8
54.Kxa8 Qd1b3
{ resign }
0-1

[Event "Tourn. n7957"]
[Site "www.chess-mail.com"]
[Date "2015.01.27"]
[Round "1"]
[White "Difficult"]
[Black "Bigoak"]
[WhiteElo "1880"]
[BlackElo "1980"]
[Result "1-0"]
[Round "1"]
1.c4 Ng8f6
2.Ng1f3 d6
3.Nb1c3 g6
4.d4 Bf8g7
5.e4 O-O
6.Bf1e2 c6
7.O-O Qd8c7
8.h3 e5
9.d5 a6
10.Bc1e3 Nb8d7
11.Ra1c1 Nd7c5
12.Qd1c2 Bc8d7
13.b4 Nc5xe4
14.Nc3xe4 Bd7f5
15.Ne4xf6 Bg7xf6
16.Qc2b3 Qc7d7
17.dxc6 bxc6
18.Rf1d1 Bf5e6
19.Qb3c2 d5
20.Be3c5 Rf8e8
21.cxd5 cxd5
22.a4 Re8c8
23.Qc2b3 d4
24.Be2c4 Be6xc4
25.Rc1xc4 Bf6g7
26.Rd1c1 Qd7d5
27.Rc1e1 a5
28.Re1c1 axb4
29.Bc5xb4 Rc8xc4
30.Rc1xc4 h6
31.Rc4c8 Ra8xc8
32.Qb3xd5 { resign }
1-0

[Event "Tourn. n7859"]
[Site "www.chess-mail.com"]
[Date "2015.01.27"]
[Round "1"]
[White "Xkafi"]
[Black "Falcoale"]
[WhiteElo "2010"]
[BlackElo "2060"]
[Result "1-0"]
[Round "1"]
1.e4 c5
2.Bf1c4 e6
3.Nb1c3 Nb8c6
4.Qd1h5 Ng8f6
5.Qh5h4 Bf8e7
6.Qh4g3 O-O
7.d3 Nc6d4
8.Bc4b3 Nd4xb3
9.axb3 b6
10.Ng1h3 d5
11.e5 Nf6d7
12.Bc1h6 g6
13.Bh6xf8 Be7xf8
14.f4 a6
15.Nh3g5 f6
16.Ng5xe6 Qd8e7
17.Ne6c7 Ra8a7
18.Nc7xd5 Qe7e6
19.O-O b5
20.Ra1e1 fxe5
21.f5 Qe6d6
22.fxg6 Qd6xg6
23.Rf1xf8 Kxf8
24.Re1f1 Kg7
25.Qg3xg6 hxg6
26.Nc3e4 Bc8b7
27.c4 Bb7c6
28.Ne4d6 Bc6xd5
29.cxd5 Nd7b6
30.Nd6e8 Kh6
31.d6 Nb6d5
32.Ne8f6 Nd5xf6
33.Rf1xf6 Kg5
34.Rf6e6 Kf5
35.Re6e7 Ra7a8
36.d7 Ra8d8
37.h4 Kf6
38.Re7h7 Ke6
39.g4 Rd8xd7
40.Rh7xd7 Kxd7
41.Kg2 Ke6
42.Kf3 a5
43.h5 gxh5
44.gxh5 Kf6
45.Ke4 Kg5
46.Kxe5 a4
47.bxa4 bxa4
48.Kd5 Kxh5
49.Kxc5 { resign }
1-0